| 000 | 00742nam a22001937a 4500 | ||
|---|---|---|---|
| 003 | OSt | ||
| 005 | 20240622115707.0 | ||
| 008 | 240622b ||||| |||| 00| 0 eng d | ||
| 040 | _cAIMIT LIBRARY | ||
| 100 |
_aPhayde, Subrahmanya Dattaram. _e2116180 _9171392 |
||
| 245 |
_aStudy on financial literacy financial stress financial behaviour and its impact on financial well being / _cBy Subramanya Dattaram Phayde ; Guided by Justine James. |
||
| 260 |
_aUdupi ; _c2023. |
||
| 650 |
_aLiterature review _9171393 |
||
| 650 |
_aResearch methodology _9171394 |
||
| 650 |
_aData analysis and interpretation _9171395 |
||
| 700 |
_aJames, Justine. _eGuide _9171396 |
||
| 856 | _3Kavrady co operative agricultural society Kandloor | ||
| 942 |
_2ddc _cPRO |
||
| 999 |
_c231289 _d231289 |
||